Banks and institutional management : (Record no. 7449)

MARC details
000 -LEADER
fixed length control field 00712 a2200205 4500
010 ## - LIBRARY OF CONGRESS CONTROL NUMBER
LC control number ENG-87954
020 ## - INTERNATIONAL STANDARD BOOK NUMBER
International Standard Book Number 8183182461
Terms of availability 390.00
035 ## - SYSTEM CONTROL NUMBER
System control number EN-71487
037 ## - SOURCE OF ACQUISITION
Source of stock number/acquisition DBAD / PUB
082 14 - DEWEY DECIMAL CLASSIFICATION NUMBER
Classification number 332.1068
090 ## - LOCALLY ASSIGNED LC-TYPE CALL NUMBER (OCLC); LOCAL CALL NUMBER (OCLC)
-- 7581
-- 7581
100 1# - MAIN ENTRY--PERSONAL NAME
Personal name Desai, Vasant
245 1# - TITLE STATEMENT
Title Banks and institutional management :
Remainder of title a new orientation /
Statement of responsibility, etc by Vasant Desai
250 ## - EDITION STATEMENT
Edition statement Ist ed.
260 ## - PUBLICATION, DISTRIBUTION, ETC. (IMPRINT)
Place of publication, distribution, etc New Delhi
Name of publisher, distributor, etc Himalaya Publishing House
Date of publication, distribution, etc 2006
270 ## - ADDRESS
Address Pooja Apartments, 4-B, Murari Lal Street, Ansari Road, Darya Ganj
City New Delhi
Postal code 110 002
300 ## - PHYSICAL DESCRIPTION
Extent 713 p.
Dimensions 24 cm (pbk)
942 ## - ADDED ENTRY ELEMENTS (KOHA)
Institution code [OBSOLETE] dpl
Koha item type English Books
Call number prefix 332.1068 / DES
Holdings
Withdrawn status Lost status Source of classification or shelving scheme Damaged status Not for loan Collection code Home library Current library Source of acquisition Cost, normal purchase price Total Checkouts Full call number Barcode Date last seen Copy number Uniform Resource Identifier Cost, replacement price Price effective from Koha item type
    Dewey Decimal Classification   Not For Loan Non-fiction D.B.Act.Division D.B.Act.Division DBAD/PUB 390.00   332.1068 DES EN-71487 15/09/2008 1 8331 390.00 15/09/2008 English Books

© Delhi Public Library
Hit Counter
free hit counter